Problemas actuales del Derecho civil y del desequilibrio econm̤ico

Bibliographic Details
Main Author: Domn̕guez Cruz, Pedro
Format: eBook
Language:Spanish
Published: Madrid: Dykinson, 2017
Subjects:
Online Access:Acceso restringido

MARC

LEADER 00000nam a22000007a 4500
005 20180510010422.0
007 cr|||| ||||
008 180510s2017 es |||||s|||| 00||0 spa d
020 |a 978-84-9148-524-7 
035 |a 21606 
040 |a vLex 
090 |c 7930  |d 7930 
100 1 |a Domn̕guez Cruz, Pedro 
245 1 0 |a Problemas actuales del Derecho civil y del desequilibrio econm̤ico  |h [Recurso electrn̤ico] /  |c Pedro Domn̕guez Cruz 
256 |a Servicio en ln̕ea 
260 |a Madrid:  |b Dykinson,  |c 2017 
300 |a 1 recurso electrn̤ico 
500 |a Convergencias entre los sistemas jurd̕icos de Espaą y Puerto Rico. 
506 1 |a Disponible solo en los productos indicados  |d vLex Global  |d vLex Global (Academic Edition, excluding Law Schools)  |d vLex Global (U.S. Academic Edition, Law Schools)  |d vLex Global (U.S. Academic Edition, excluding Law Schools)  |d vLex Global (Academic Edition, Law Schools) 
650 0 4 |a Derecho Fiscal  |z Espaą 
740 0 |a vLex Libros (Servicio en ln̕ea) 
856 4 0 |u http://vlex.com/source/problemas-actuales-derecho-civil-desequilibrio-economico-21606  |z Acceso restringido 
942 |c BOOK 
999 0 |a Tax Law